000 01897nab a2200241 i 4500
001 34
003 gtuscu
005 20250827151537.0
007 ta
008 241015b1997 gt fr|j| |||| 00| 0 spa d
022 _a02529963
040 _agtuscu
_bspa
_cgtuscu
_dgtuscu
_erda
041 _aspa
100 1 _aHendrickson, Carol
_eautora.
245 1 _aImágenes del maya en Guatemala:
_bel papel del traje indígena en las construcciones del indígenas y del ladino /
_cCarol Hendrickson.
264 _aAntigua Guatemala, Guatemala,
_bCIRMA,
_c1997.
300 _apáginas 15-40 :
_c26.5 cm
520 3 _aEn Guatemala, las imágenes del maya se construyen, comercializan, alaban, manipulan, manipulan y denuncian a niel tanto local, como nacional e internacional. Este artículo examina las diferencias fundamentales en cuanto a la concepción que la gente indígena y no-indígena hacen del "maya" y, en particular, del papel del traje maya en la producción y valoración de estas características convencionales. Las clasificaciones de los mayas aquí tratados, sugieren modelos distintos de construcción de la sociedad guatemalteca y señalan las relaciones entre los dos grupos étnicos principales. En sus extremos, las imágenes se usan para caracterizar a la población como un grupo integrado e interrelacionado, por un lado, o como unidades autónomas, únicas y discretas, por el otro. Se presentan ejemplos del comercio para el turismo, de concursos de belleza, de celebraciones nacionales y de declaraciones anti-gubernamentales
546 _aTítulo en inglés: Images of the Maya: The role of Indigenous Dress in Indian and Ladino Constructions).
650 1 4 _aIndígenas
_zGuatemala
773 _aRevista Mesoamérica
_dAntigua Guatemala, CIRMA, 1997.
_h340 páginas
_x02529963
_gAño 18, número 33.
_lMesoamerica
_w45
942 _2ddc
_cANT
_n0
_hAño 18, no. 33
_6AÑO_18_NO__33_000000000000000
999 _c34
_d34